A tápai pacsirta

Elmentve itt :
Bibliográfiai részletek
Szerző: Lele József
Dokumentumtípus: Cikk
Megjelent: 1977-08-28
Sorozat:Délmagyarország 67 No. 202
Kulcsszavak:Tóth Andrásné
Online Access:http://dmarchiv.bibl.u-szeged.hu/100832
LEADER 00444nab a2200157 i 4500
001 delm100832
005 20190528105741.0
008 190528s1977 hu o 0|| hun d
040 |a SZTE Délmagyarország Archívum  |b hun 
041 |a hun 
100 1 |a Lele József, 
245 1 2 |a A tápai pacsirta  |h [elektronikus dokumentum] /  |c ifj. Lele József, 
260 |c 1977-08-28 
300 |a 11 
490 0 |a Délmagyarország  |v 67 No. 202 
695 |a Tóth Andrásné